00574nam a2200205 a 4500001001300000003000900013005001700022008004100039020002300080082001700103100002500120245004100145260003200186300000900218500003500227505001300262650003500275650003300310700002500343nice12345678IN_TiNIC20260116013642.0050524s1995 dela grp 000 0 eng  a0670544 c25000a954.092bKRI aKrishnamurti, Yamini aPassion for Danceb an Autobiography aDelhibPenguin Books c1995 a210p aincludes index and biblioraphy2 aAppendix aYamini Krishnamurthy-Biography aBharatanatyam and Kuchi Pudi1 aKrishnamurti, Yamini